000 00781nam a2200205Ia 4500
005 20240530105213.0
008 140319s9999 xx 000 0 ara d
040 _aGCL /
_cGCL
082 0 4 _a811.5 /
_bا د
100 1 _aابى فراس الحمدانى ، الحارث بن سعيد بن حمدان
245 1 0 _aديوان ابى فراس الحمدانى /
_cابى فراس الحمدانى ، الحارث بن سعيد بن حمدان
260 _aبيروت :
_bدار الجيل،
_c1993
300 _a382 ص ؛
_c24 سم
650 0 4 _aالشعر العربى
650 0 4 _aالادب العربى
650 0 4 _aالقصائد والدواوين
650 0 4 _aابى فراس الحمدانى
942 _2ddc
_cBK
999 _c53905
_d53905